| 000 | 00716nam a22001691cc4500 | ||
|---|---|---|---|
| 001 | aaaadap+12-2 | ||
| 035 | _aaaaadap | ||
| 008 | 170707s1995 gw |||| 000u ger d | ||
| 245 | 0 | 0 |
_aAkten zur deutschen auswärtigen Politik 1918-1945 _n12/2 _pDie Kriegsjahre (Fünfter Band, zweiter Halbband) : 6. April bis 22. Juni 1941 |
| 264 |
_aGöttingen : _bVandenhoeck & Ruprecht, _c1995 |
||
| 246 | 1 | 2 |
_aAkten zur deutschen auswärtigen Politik 1918-1945. Die Kriegsjahre (Fünfter Band, zweiter Halbband) : 6. April bis 22. Juni 1941 _n12/2 |
| 773 | 0 | 8 |
_waaaadap _q12-2 |
| 856 | 4 | _uhttp://nbn-resolving.de/urn/resolver.pl?urn=urn:nbn:de:bvb:12-bsb00045907-0 | |
| 942 | _cMG | ||
| 040 | _cRU-10907106 | ||
| 003 | RU-10907106 | ||
| 999 |
_c54269 _d54269 |
||